LEADER 00943nam a2200241 i 4500 001 000000053820 003 CaOOAMICUS 005 20260424111130.0 008 070523s1976 it u000 u ita u 040 $aSeMil$bita 100 1 $aWilcock, Juan Rodolfo,$d<1919-1978>.$0(OLS)http://semarc/name/42865 245 10$aFrau Teleprocu /$cJ. R. Wilcock [e] F. Fantasia. 264 1$aMilano :$bAdelphi,$c1976. 300 $a137 p. ;$c18 cm. 490 1 $aPiccola Biblioteca Adelphi ;$v39 700 1 $aFantasia, Francesco.$0(OLS)http://semarc/name/26625 830 0$aPiccola biblioteca Adelphi ;$v39.$0(OLS)http://semarc/title/7074 850 $aSeMil 852 $aSeMil$W1$xVenegono$y1$m1W I 742$j270866$B19974$CSeMilBibl$Z2$F19976 $81 961 $aOmaggio: Agenzia internazionale 996 $6245$aFrau Teleprocu$9(OLS)http://semarc/title/83042 996 $6264$aMilano :$bAdelphi$9(OLS)http://semarc/publisher/30018